000 00509nam a22001817a 4500
003 BD-ChCU
005 20260517093237.0
008 260517b bg ||||| |||| 00| 0 ben d
040 _cBD-ChCU
082 _a330.1 ULE
100 _aUlmer , Melville J .
_923074
245 _aEconomics :
_btheory and practice ./
_cMelville J . Ulmer .
250 _a2nd ed.
260 _aBoston :
_bHoughton Mifflin ,
_cC 1965
300 _axxiv , 759p .
650 0 _aEconomic , Theory of
_923075
942 _2ddc
_cBK
_n0
999 _c113017
_d113017